Théatre des Grecs : tome dixieme /

Furkejuvvon:
Bibliográfalaš dieđut
Váldodahkki: Eurípides (autor)
Eará dahkkit: Aristófanes (autor) (autor), Brumoy, Pierre (selección, versión y traducción) (selección, versión y traducción), Prévost, Pierre (traducción) (traducción)
Materiálatiipa: Girji
Giella:fránskkagiella
Preanttus:Nueva ed.
Ráidu:(Théatre des Grecs)
Fáttát:
Fáddágilkorat: Lasit fáddágilkoriid
Eai fáddágilkorat, Lasit vuosttaš fáddágilkora!

MARC

LEADER 00000nam^a2200000^a^4500
001 000365184
005 20250526000000.0
009 20260310115636.648
037 |a Acervo Xavier Clavigero 
041 |a FRA 
082 |a 882.  |b THE V. 10 
100 |a Eurípides  |e (autor) 
240 1 1 |a [Théatre des Grecs] 
240 1 4 |a [El cíclope] 
240 1 5 |a [Los acarnienses] 
245 1 0 |a Théatre des Grecs :  |b tome dixieme /  |c Selec. y versión de P. Brumoy. 
250 |a Nueva ed. 
264 |a París, Francia :  |b Cussac, Libraire,  |c 1787 
300 |a VIII, 471 p., [2] láminas ;  |c 20.5 cm. 
336 |a texto  |b txt  |2 rdacontenido 
337 |a sin mediación  |b n  |2 rdamedio 
338 |a volumen  |b nc  |2 rdasoporte 
440 1 |a (Théatre des Grecs) 
501 |a Encuadernación particular 
545 0 |a Eurípides (480 a.C. - 406 a.C.) fue un dramaturgo griego, y uno de los principales representantes de la tragedia griega junto con Sófocles y Esquilo. Bajo la influencia de los filósofos sofistas y de su amistad con Sócrates, en sus obras reflejó el escepticismo ante los valores morales y religiosos tradicionales al retratar las debilidades y los conflictos humanos con un tono más profundo y realista. Esto se observaba en la naturalidad del habla de los personajes, en el virtuosismo de sus protagonistas femeninas, o en la resolución de sus tramas mediante el deus ex machina. Se estima que escribió cerca de 92 obras, de las cuales se han conservado únicamente 17. Entre sus más importantes están Alcestes (438 a.C.), Medea (431 a.C.), Hipólito (428 a.C.), Electra (420 a.C.), Hécuba (420 a.C.), Las troyanas (415 a.C.), Helena (412 a.C.), Orestes (408 a.C.) o Los bacantes (406 a.C.). 
545 0 |a El comediógrafo ateniense Aristófanes (h. 445-poco después del 388 a.C.) es el principal exponente de este género en la antigua Grecia. A pesar de la recurrencia del tema político en sus obras, se sabe que no participó activamente en la vida pública de Atenas. Debutó con Los banqueteadores (427) y Los babilonios (426) bajo el seudónimo de Calístrato, bajo el cual también gano el Primer Certamen Teatral. Se conocen once de sus comedias completas: Los acarnienses (425); Los caballeros (424); Las nubes (423), en la que muestra su animadversión hacia Sócrates; Las avispas (422); La paz (421); Las aves (414); Lisístrata (411); Las ranas (405); La asamblea de mujeres (392) y Pluto (388). 
561 |a Ex libris de Carlos Ramírez Escandón 
561 |a Ex libris de Francisco J. Ramírez 
561 |a Ex libris de Bibl. Domus. San Cayetano 
562 |a Falta lámina 
562 |a Falta cubierta 
649 |a XX 
650 |a Sátira Griega 
650 |a Sátira Griega -  |x Historia y Crítica 
650 |a Comedia Clásica 
650 |a Comedia Griega 
650 |a Comedia Griega -  |x Historia y Crítica 
650 |a Teatro Clásico 
650 |a Teatro Clásico -  |x Historia y Crítica 
650 |a Teatro Griego 
650 |a Teatro Griego -  |x Historia y Crítica 
650 |a Literatura Clásica -  |y Siglo V a.C. 
650 |a Literatura Clásica -  |x Historia y Crítica 
650 |a Literatura Griega -  |y Siglo V a.C. 
650 |a Literatura Griega -  |x Historia y Crítica 
740 3 |a Le cyclope :  |b drame satyrique /  |c Eurípides ; tr. por P. Prévost. 
740 4 |a Les acharniens :  |b comédie /  |c Aristófanes ; examen de la obra y tr. por P. Brumoy. 
700 |a Aristófanes  |e (autor) 
700 |a Brumoy, Pierre  |e (selección, versión y traducción) 
700 |a Prévost, Pierre  |e (traducción) 
910 |a Fondo General 
920 |a Impresos - Libros 
930 |a Libros Antiguos y Raros 
940 |a Literatura 
905 |a 108 
901 |a 0500258855  |b IT2  |c LRA  |u 20250526 
902 |a https://opac.biblio.iteso.mx/vufind/Record/000365184